угадай пропущенный город в строчке из песни - Statistics

General Stats
  • This quiz has been taken 17 times
  • The average score is 10 of 15
Answer Stats
Текст Город % Correct
Песня плывёт
Сердце поёт —
Эти слова
О тебе, (Город)!
Москва
100%
И я готов расцеловать город (Город)За то, что свел меня с тобой Сочи
94%
Владимирский централ ( Ветер северный ) Этапом из (Город) ( Зла немерено ) Тверь
88%
Чёрный пёс (Город) — я слышу твой голос В мёртвых парадных, в хрипе замков Санкт-Петербург
88%
Мальчик хочет в (Город)Ты знаешь чики-чики-чики-чикита Тамбов
81%
Милый любит иль не любит, только времечко идет. Ах, (Город)-городок, беспокойная я Самара
75%
Мне очень жаль и на восход Я улечу Москва-(Город) Владивосток
69%
Славный город (Город), В закромах полно ума! Кострома
63%
Если ноги не сотрутся
И не заржавеет мозг
Мы дойдём...
Доплывём, доползём
До тебя, город (Город)
Омск
63%
Где же моя темноглазая где
В (Город) где где где
Вологда
63%
В 90-ые родился в городе (Город)Минорные биточки, текстики, чтобы вызвать жалость Хабаровск
44%
Здесь земля в нефтяном соку
И завидует ей в Баку
И не знал, что за край (Город)
Тюмень
38%
Среди холодных вод, принял бой далёкий порт
Враг разгромлен и превращен в хаос!
Это (Город)!
Петропавловск-Камчатский
31%
Вена, вальс, голые плечи
Манипуляции с веерами
Думать об этом приятней и легче
Чем о (Город) вечерами
Череповец
31%
А есть под (Город) фонтанчик с чёрным дельфином И в жизни видел лишь раз его доводилось Оренбург
31%
No matching quizzes found
Score Distribution
Percent of People with Each Score
Percentile by Number Answered
Your Score History
You have not taken this quiz